[Event "HUN-ch U14"]
[Site "Balatonlelle"]
[Date "2019.06.24"]
[Round "5"]
[White "Petervari, Szabolcs"]
[Black "Daroczi, Donat"]
[Result "0-1"]
[WhiteElo "1816"]
[BlackElo "2050"]
[PlyCount "56"]
[EventDate "2019.06.21"]
[EventType "swiss"]
[EventRounds "9"]
[EventCountry "HUN"]
[SourceTitle "CBM 191 Extra"]
[Source "ChessBase"]
[SourceDate "2019.09.30"]
[SourceVersion "1"]
[SourceVersionDate "2019.09.30"]
[SourceQuality "1"]

1. e4 e6 2. d4 d5 3. Nd2 c5 4. c3 Nc6 5. Bb5 Nf6 6. e5 Nd7 7. Bxc6 bxc6 8. f4 a5 9. Qa4 Qb6 10. Ngf3 Ba6 11. Kf2 cxd4 12. Nxd4 c5 13. N4f3 Bb5 14. Qc2 f6 15. Re1 f5 16. Kg1 Be7 17. c4 Bc6 18. cxd5 Bxd5 19. Kh1 0-0 20. Qa4 Qb7 21. Qc2 Rfd8 22. b3 Nb8 23. Bb2 Nc6 24. Bc3 Nd4 25. Bxd4 cxd4 26. Qd3 Bb4 27. Re2 Rac8 28. Nxd4 Bc3 0-1

[Event "HUN-chT2 Breyer 1819"]
[Site "Hungary"]
[Date "2019.04.28"]
[Round "9.8"]
[White "Malomsoki, Laszlo"]
[Black "Petervari, Szabolcs"]
[Result "0-1"]
[WhiteElo "1734"]
[BlackElo "1729"]
[PlyCount "94"]
[EventDate "2018.10.28"]
[EventType "team-tourn"]
[EventRounds "9"]
[EventCountry "HUN"]
[SourceTitle "EXT 2021"]
[Source "ChessBase"]
[SourceDate "2020.10.23"]
[SourceVersion "1"]
[SourceVersionDate "2020.10.23"]
[SourceQuality "1"]
[WhiteTeam "Kisber Aszar"]
[BlackTeam "Esztergom"]
[WhiteTeamCountry "HUN"]
[BlackTeamCountry "HUN"]

1. d4 d5 2. e3 Nf6 3. c4 e6 4. Nc3 Be7 5. Nf3 c6 6. Bd3 Nbd7 7. 0-0 0-0 8. Re1 b6 9. e4 dxe4 10. Nxe4 Bb7 11. Be3 Nxe4 12. Bxe4 Nf6 13. Bc2 Rc8 14. Bg5 c5 15. d5 exd5 16. Nh4 Ne4 17. Bxe7 Qxe7 18. Nf5 Qf6 19. Qg4 g6 20. f3 h5 21. Qf4 Qxf5 22. Qxf5 gxf5 23. fxe4 fxe4 24. cxd5 Bxd5 25. Bxe4 Bxe4 26. Rxe4 Rfe8 27. Rae1 Kf8 28. Kf2 Rxe4 29. Rxe4 Re8 30. Rf4 Re5 31. b4 Ke7 32. h3 Ke6 33. g4 hxg4 34. hxg4 cxb4 35. Rxb4 f5 36. gxf5+ Rxf5+ 37. Ke3 Rd5 38. a3 Kd6 39. Rb3 Kc5 40. Rc3+ Kb5 41. Ke4 Rd1 42. Ke3 Ka4 43. Ke2 Ra1 44. Rc7 a5 45. Rc6 b5 46. Kd2 Kxa3 47. Kc2 b4 0-1

[Event "HUN-chT2 Breyer 1819"]
[Site "Hungary"]
[Date "2019.01.27"]
[Round "4.11"]
[White "Molnar, Laszlo1111"]
[Black "Petervari, Szabolcs"]
[Result "1-0"]
[WhiteElo "1989"]
[BlackElo "1729"]
[PlyCount "47"]
[EventDate "2018.10.28"]
[EventType "team-tourn"]
[EventRounds "9"]
[EventCountry "HUN"]
[SourceTitle "CBM 189 Extra"]
[Source "ChessBase"]
[SourceDate "2019.06.03"]
[SourceVersion "1"]
[SourceVersionDate "2019.06.03"]
[SourceQuality "1"]
[WhiteTeam "Naszaly Geniusz Tata"]
[BlackTeam "Esztergom"]
[WhiteTeamCountry "HUN"]
[BlackTeamCountry "HUN"]

1. e4 c5 2. b3 Nc6 3. Bb2 d6 4. Bb5 Bd7 5. Nc3 Nd4 6. Bxd7+ Qxd7 7. Nge2 Nf6 8. 0-0 e5 9. f4 Be7 10. d3 0-0 11. Ng3 Rfc8 12. fxe5 dxe5 13. Nf5 b5 14. Ne3 Rab8 15. Ncd5 Nxd5 16. Nxd5 Bd6 17. c4 a6 18. Bxd4 cxd4 19. Qh5 Qe6 20. Rf3 Rb7 21. Raf1 Rc6 22. Nf6+ gxf6 23. Qh6 Bf8 24. Rg3+ 1-0

[Event "HUN-chT2 Breyer 1819"]
[Site "Hungary"]
[Date "2018.12.02"]
[Round "3.11"]
[White "Paksi, Gyula"]
[Black "Petervari, Szabolcs"]
[Result "1/2-1/2"]
[WhiteElo "1791"]
[BlackElo "1729"]
[PlyCount "60"]
[EventDate "2018.10.28"]
[EventType "team-tourn"]
[EventRounds "9"]
[EventCountry "HUN"]
[SourceTitle "CBM 189 Extra"]
[Source "ChessBase"]
[SourceDate "2019.06.03"]
[SourceVersion "1"]
[SourceVersionDate "2019.06.03"]
[SourceQuality "1"]
[WhiteTeam "Budapest HASE"]
[BlackTeam "Esztergom"]
[WhiteTeamCountry "HUN"]
[BlackTeamCountry "HUN"]

1. d4 Nf6 2. Bf4 e6 3. e3 d5 4. Nd2 Bd6 5. c3 c6 6. Bd3 Bxf4 7. exf4 Qc7 8. g3 Nbd7 9. Ngf3 c5 10. a4 a5 11. 0-0 b6 12. Qe2 c4 13. Bc2 Ba6 14. f5 Qd6 15. Rfe1 Nf8 16. fxe6 Nxe6 17. Ng5 0-0 18. Nxe6 Rfe8 19. Bf5 Bc8 20. Qf3 Bxe6 21. Bc2 Bg4 22. Qg2 Rxe1+ 23. Rxe1 Re8 24. Rxe8+ Nxe8 25. f4 Qf6 26. Qf2 Nd6 27. b3 Bf5 28. Bxf5 Nxf5 29. bxc4 dxc4 30. Nf1 Ne7 1/2-1/2

[Event "HUN-chT2 Breyer 1819"]
[Site "Hungary"]
[Date "2018.11.18"]
[Round "2.10"]
[White "Szucs, Robert"]
[Black "Petervari, Szabolcs"]
[Result "0-1"]
[WhiteElo "1650"]
[BlackElo "1729"]
[PlyCount "80"]
[EventDate "2018.10.28"]
[EventType "team-tourn"]
[EventRounds "9"]
[EventCountry "HUN"]
[SourceTitle "CBM 189 Extra"]
[Source "ChessBase"]
[SourceDate "2019.06.03"]
[SourceVersion "1"]
[SourceVersionDate "2019.06.03"]
[SourceQuality "1"]
[WhiteTeam "Paty"]
[BlackTeam "Esztergom"]
[WhiteTeamCountry "HUN"]
[BlackTeamCountry "HUN"]

1. e4 c5 2. Nf3 a6 3. d4 cxd4 4. Nxd4 Nf6 5. Nc3 e5 6. Nb3 Bb4 7. Qd3 d5 8. exd5 Nxd5 9. Bd2 Nxc3 10. Bxc3 Qxd3 11. cxd3 Bxc3+ 12. bxc3 b6 13. Be2 Bb7 14. 0-0 0-0 15. Nd2 Nd7 16. Nc4 Rab8 17. f4 e4 18. dxe4 Bxe4 19. Nd6 Nc5 20. Nxe4 Nxe4 21. Bxa6 Nxc3 22. Bc4 Rfc8 23. Bb3 Rc5 24. Rfe1 Kf8 25. g3 Ra8 26. Re3 b5 27. Rae1 Rc7 28. Kf2 b4 29. Kf3 g6 30. Rd3 Nxa2 31. Ra1 Rca7 32. Bd5 Nc3 33. Bxa8 Rxa1 34. Rd8+ Ke7 35. Rb8 Ra3 36. Kf2 b3 37. Bf3 Ra2+ 38. Ke3 b2 39. Be4 Ra1 40. Rb7+ Kf6 0-1

[Event "HUN-chT2 Breyer 1718"]
[Site "Hungary"]
[Date "2017.11.26"]
[Round "4.11"]
[White "Forgacs, Andras"]
[Black "Petervari, Szabolcs"]
[Result "1/2-1/2"]
[WhiteElo "1697"]
[BlackElo "1522"]
[PlyCount "52"]
[EventDate "2017.09.24"]
[EventType "team-tourn"]
[EventRounds "11"]
[EventCountry "HUN"]
[SourceTitle "EXT 2021"]
[Source "ChessBase"]
[SourceDate "2020.10.23"]
[SourceVersion "1"]
[SourceVersionDate "2020.10.23"]
[SourceQuality "1"]
[WhiteTeam "Biatorbagy"]
[BlackTeam "Esztergom"]
[WhiteTeamCountry "HUN"]
[BlackTeamCountry "HUN"]

1. d4 Nf6 2. c4 e5 3. dxe5 Ng4 4. Qd4 d6 5. exd6 cxd6 6. Nf3 Nc6 7. Qd1 Be6 8. e3 g6 9. h3 Nge5 10. Nxe5 Nxe5 11. Nc3 Bg7 12. Qa4+ Qd7 13. Nb5 0-0 14. f4 Nc6 15. Qa3 Rfd8 16. Bd2 a6 17. Nc3 Rac8 18. Na4 Qc7 19. Bc3 Ne7 20. Bxg7 Kxg7 21. b3 b5 22. Nb2 Qb6 23. Kf2 b4 24. Na4 Qxe3+ 25. Kxe3 bxa3 26. Rd1 Nf5+ 1/2-1/2

[Event "HUN-chT2 Breyer 1718"]
[Site "Hungary"]
[Date "2017.10.29"]
[Round "3.10"]
[White "Vicze, Zsofia"]
[Black "Petervari, Szabolcs"]
[Result "0-1"]
[WhiteElo "1554"]
[BlackElo "1522"]
[PlyCount "66"]
[EventDate "2017.09.24"]
[EventType "team-tourn"]
[EventRounds "11"]
[EventCountry "HUN"]
[SourceTitle "EXT 2021"]
[Source "ChessBase"]
[SourceDate "2020.10.23"]
[SourceVersion "1"]
[SourceVersionDate "2020.10.23"]
[SourceQuality "1"]
[WhiteTeam "Szekesfehervar"]
[BlackTeam "Esztergom"]
[WhiteTeamCountry "HUN"]
[BlackTeamCountry "HUN"]

1. e4 c6 2. Nf3 d5 3. Nc3 dxe4 4. Nxe4 Bf5 5. Ng3 Bg6 6. h4 h6 7. Ne5 Bh7 8. Qh5 g6 9. Bc4 e6 10. Qe2 Qc8 11. 0-0 Nf6 12. Re1 Nd5 13. Qf3 Qc7 14. Bxd5 cxd5 15. Qf6 Rg8 16. Nxf7 Qxf7 17. Rxe6+ Be7 18. Qe5 Nc6 19. Qxd5 Rd8 20. Qb3 Nd4 21. Qa4+ b5 22. Rxe7+ Qxe7 23. Qa3 Qxa3 24. bxa3 Nxc2 25. Rb1 a6 26. Rb3 Rg7 27. Rc3 g5 28. h5 Rgd7 29. Rc6 Rd6 30. Rc3 R8d7 31. Nf1 Re7 32. f3 Re1 33. Bb2 Bd3 0-1

[Event "HUN-ch U10"]
[Site "Balatonlelle"]
[Date "2015.06.18"]
[Round "1"]
[White "Kozsik, Bende Barnabas"]
[Black "Petervari, Szabolcs"]
[Result "0-1"]
[WhiteElo "1639"]
[BlackElo "1265"]
[PlyCount "110"]
[EventDate "2015.06.18"]
[EventType "swiss"]
[EventRounds "9"]
[EventCountry "HUN"]
[SourceTitle "CBM 167 Extra"]
[Source "ChessBase"]
[SourceDate "2015.09.14"]
[SourceVersion "1"]
[SourceVersionDate "2015.09.14"]
[SourceQuality "1"]

1. e4 d6 2. d4 c6 3. Nc3 Nd7 4. f4 Qc7 5. Bc4 b5 6. Bb3 Bb7 7. Nf3 h6 8. 0-0 e5 9. fxe5 dxe5 10. Nxe5 Nxe5 11. dxe5 Bc5+ 12. Kh1 Qxe5 13. Bxf7+ Ke7 14. Bf4 Qf6 15. Qh5 Qd4 16. Bxg8 Rhxg8 17. Rad1 Qb4 18. Qxc5+ Qxc5 19. Bd6+ Qxd6 20. Rxd6 Kxd6 21. b4 Rgf8 22. Rd1+ Ke7 23. h3 Rf2 24. Rc1 Raf8 25. Kg1 Rd2 26. Nd1 Rfd8 27. Ne3 Re2 28. Nf5+ Kf6 29. Rf1 Ke5 30. Ng3 Rxc2 31. Nf5 Rdd2 32. Ne3 Rxa2 33. g4 Re2 34. Rf5+ Kxe4 35. g5 Rxe3 36. Rf1 Rxh3 37. g6 Rhh2 38. Rc1 Rag2+ 39. Kf1 Rxg6 40. Rc3 Rh1+ 41. Kf2 Rhg1 42. Re3+ Kf4 43. Rf3+ Kg4 44. Rd3 Kh4 45. Rd4+ Kh3 46. Rd3+ R6g3 47. Rd4 R1g2+ 48. Kf1 Rf3+ 49. Ke1 Rb3 50. Rd1 Rg1+ 51. Ke2 Rb2+ 52. Rd2 Rg2+ 53. Kf1 Rgxd2 54. Ke1 Rh2 55. Kf1 Rb1# 0-1